[Event "GER-ch 70th"]
[Site "Bremen"]
[Date "1998.11.13"]
[Round "8"]
[White "Gutman, Lev"]
[Black "Fuhrmann, Daniel"]
[Result "1-0"]
[WhiteElo "2480"]
[BlackElo "2315"]
[Annotator "Ribli,Z"]
[PlyCount "103"]
[EventDate "1998.11.06"]
[EventType "swiss"]
[EventRounds "9"]
[EventCountry "GER"]
[SourceTitle "CBM 068"]
[Source "ChessBase"]
[SourceDate "1999.02.01"]
[SourceVersion "1"]
[SourceVersionDate "1999.02.01"]
[SourceQuality "1"]

1. Nf3 d5 2. g3 Nf6 3. Bg2 e6 (3... c6 $5 {Diese Variante scheint mir besser
als die Partiefortsetzung zu sein. Ribli.}) 4. O-O Be7 5. c4 O-O 6. d4 dxc4 7.
Qc2 a6 8. Qxc4 b5 9. Qc2 Bb7 10. Bg5 {Theoretisch ist dieser Zug weniger
gefährlich für Schwarz als seine Alternativen, aber in der entstehenden
einfachen Stellung kann Schwarz mit gutem Spiel maximal Remis erreichen.} (10.
Bd2) (10. Bf4) 10... Nbd7 11. Bxf6 Nxf6 12. Nbd2 {[%cal Gd2b3,Gb3c5] In dieser
Stellung ist das Läuferpaar nicht wichtig. Der weiße Springer strebt nach c5.}
Rc8 13. Nb3 Be4 (13... c5) 14. Qc1 (14. Qc3) 14... c5 {Ohne diesen Zug kommt
Schwarz nicht aus.} 15. dxc5 Qc7 {[#]} (15... a5 $5 16. a4 Qd5 17. Nxa5 Rxc5
18. Qd1 Qxd1 19. Rfxd1 bxa4 20. b4 axb3 {1/2-1/2 Antunes,A-Kotronias,V/Pula
1997/CBM 57 ext (20)}) (15... Qd5 16. Rd1 Qh5 17. h3 Rfd8 18. Rxd8+ Rxd8 19.
Qe3 Qd5 20. Rc1 Rc8 21. Ne1 {1-0 Chilingirova,P-Heintze,M/Wuppertal 1990/EXT
97 (51)}) 16. Rd1 {Weiß kann den Mehrbauern nicht behaupten und bereitet sich
aufs Endspiel vor.} (16. a4 {[#]} Bxc5 (16... bxa4 17. Rxa4 Qb7 18. Nbd2 Bxc5
19. Qa1 Bc6 20. Rh4 Rfd8 {1-0 Hulak,K-Findlay,I/Toronto 1989/EXT 97 (33)}) 17.
axb5 axb5 18. Nxc5 Qxc5 19. Qxc5 Rxc5 20. Rfc1 Rxc1+ 21. Rxc1 Bxf3 22. Bxf3 b4
23. Rc7 Rb8 24. Kf1 {1-0 Bosboom,M-Raetsky,A/Hafnarfjordur 1997/CBM 62 ext (46)
}) (16. Qf4 Qxf4 17. gxf4 Bxc5 18. Ne5 Bxg2 19. Kxg2 Bd6 20. Nd3 Nd5 21. e3 Nb6
$1 $11 {[%cal Gb6c4]}) 16... Bd5 (16... Bxc5 17. Nxc5 Qxc5 18. Qxc5 (18. Qf4 h6
19. Rac1 Qb6 20. Ne5 Bxg2 21. Kxg2 Qb7+ 22. Qf3 Qxf3+ 23. Kxf3 {1-0 Miralles,
G-Flear,C/FRA-chT 1989/TD (47)}) 18... Rxc5 19. Rac1 Rcc8 (19... Rxc1 20. Rxc1
$14 {[%csl Gc1]}) 20. Ne5 Bxg2 21. Kxg2 g6 22. Kf3 {1-0 Bernard,C-Ghafari,R/
FRA-chT 1989/TD (54) Die Bauernstellung ist symmetrisch, aber Weiß entfaltet
große Aktivität.}) 17. Nfd4 (17. Qe3 Bxc5 18. Nxc5 Qxc5 19. Qxc5 Rxc5 $11)
17... Bxc5 (17... Bxg2 18. Kxg2 Bxc5 19. Nxc5 (19. Qxc5 Qb7+ 20. Nc6 Rxc6 21.
Na5 Rxc5+ 22. Nxb7 Rc2 $17 {[%csl Rb2,Gc2,Re2][%cal Rc2a2,Rc2h2]}) 19... Qxc5
20. Qxc5 Rxc5 21. Rac1 $14 Rfc8 $2 22. Rxc5 Rxc5 23. Nxb5 $16 {[%cal Rd1d8,
Rd8g8]}) 18. Nxc5 Qxc5 19. Qxc5 Rxc5 20. Bxd5 $5 (20. Rac1 Rfc8 21. Rxc5 Rxc5
$11) 20... Rxd5 $6 {Das Nehmen mit dem Springer scheint mir natürlicher, denn
jetzt bekommt Weiß freie Hand am Damenflügel.} (20... Nxd5 21. Rac1 Rxc1 (21...
Rfc8 22. Rxc5 Rxc5 23. e4 Nf6 24. Nxb5 $16 {[%cal Rd1d8,Rd8g8,Gb5c3]}) 22. Rxc1
h6 23. Rc6 Rd8 24. e3 Nb4 25. Rb6 e5 26. Nc6 Nxc6 27. Rxc6 Rd2 28. Rxa6 {
1/2-1/2 Schmidt,B-Stern,R/BL9394 1994/GER-chT (28)}) 21. Nc6 {[%csl Gc6][%cal
Rc6e7,Re7g8,Re7d5]} Rxd1+ (21... Kh8 22. Rxd5 (22. Nb4) 22... Nxd5 23. a4 $14)
22. Rxd1 {[%csl Gc6,Gd1] Weiß hat dauerhaften Vorteil. Seine Figuren stehen
sehr aktiv.} g6 23. Rc1 $1 {Auf der d-Linie gibt es keine Einbruchsfelder,
daher besetzt Weiß die andere Linie.} Nd7 (23... Rc8 $4 24. Ne7+ $18 {[%cal
Re7g8,Re7c8,Rc1c8]}) 24. Na5 {[%csl Ga5,Gc1][%cal Gc1c7]} Rb8 25. Rc7 (25. Rc6
Rb6) 25... Ne5 $5 (25... Nb6 26. Nc6 $14 (26. Ra7 Ra8 (26... Nc4 $6 27. Nc6 $14
) 27. Rb7 Nc4 28. Nxc4 bxc4 29. Kf1 Rc8 $11)) 26. f4 (26. Ra7 Rc8 $11 {[%cal
Gc8c1]} (26... Rb6)) (26. Nc6 Nxc6 27. Rxc6 Rd8 $11 {[%cal Rd8d2]}) 26... Nc4
27. Nc6 (27. Nxc4 $6 bxc4 28. Rxc4 Rxb2 29. Ra4 $11) 27... Rb6 28. b3 Nd6 29.
Ne5 {[%csl Rb6,Gc7,Rd6,Ge5] Die weißen Figuren sind viel aktiver als ihre
Gegenüber.} b4 (29... f6 $2 30. Nd7 $18 {[%cal Rd7f6,Rd7b6]}) 30. Kg2 a5 31.
Ra7 (31. Kf3) 31... Rb5 32. Kf3 {[%csl Ga7,Ge5,Gf3] Der aktive König ist eine
neue Gefahr für Schwarz.} (32. Nc6 Rc5 33. Nxa5 Rc2 $132) 32... Rc5 33. g4 Nb5
{[%cal Gb5c3,Gc3a2]} 34. Ra8+ (34. Rxa5 $4 Nd4+ {[%cal Rd4f3,Rc5a5]}) 34... Kg7
35. g5 {[%csl Yf6,Rg7,Yh6][%cal Ge5d7,Gd7f6] Mit dem Textzug gewinnt Weiß Raum
am Königsflügel und droht eventuell das Mattnetz mit z.B. ...Ne5-d7-f6 / ...
Rg8#.} Nc7 (35... Nd4+ 36. Ke4 Nxe2 (36... Nc6 37. Rc8 $18 {[%cal Rc8c5]}) 37.
Nd7 {[%cal Rd7c5,Rd7f6]} Nc3+ 38. Kf3 Rf5 39. Nf6 Rxf6 40. gxf6+ Kxf6 41. Rxa5
$16) 36. Ra7 {[%csl Ra5,Ga7,Ge5][%cal Re5c4,Rc4a5] Schwarz hat eine schwerige
Stellung. Jetzt geht 36...Nb5 nicht wegen 37.Rxf7+ und es droht der
Bauerngewinn mit Nc4.} Rc3+ 37. Kf2 (37. e3 $6 Nd5 38. Rxf7+ Kg8 {[%csl Re3]})
37... Rc5 38. h4 {Weiß muß sich nicht beeilen. Schwarz hat kein Gegenspiel.} h6
39. Nd3 {[%csl Ra5]} Rc3 40. Rxa5 $16 {Weiß hat einen Bauern mehr und sein
b4-Bauer ist auch schwach. Jetzt bekommt Schwarz ein wenig Freiheit, aber der
weiße Vorteil muß sich früher oder später durchsetzen.} Nd5 41. Ra7 {[%csl Rf7]
[%cal Gd3e5,Ge5f7,Ga7f7]} hxg5 42. hxg5 Kf8 43. Rb7 {[%csl Rb4]} (43. Ne5 $5 {
[%cal Ra7f7]} Nc7 44. e4 $16) 43... Ke8 44. Kf3 Kf8 45. Ke4 {[%csl Rb4,Ge4]
Jetzt hängt b4.} Rc2 {[%cal Rc2e2,Rc2a2]} 46. e3 Nc3+ (46... Rxa2 47. Nxb4 Nxb4
48. Rxb4 $16 {[%csl Gb3,Gb4,Ge4] Weiß hat beste Gewinnaussichten. Sein König
ist aktiv und der Freibauer muß die Partie entscheiden.}) 47. Kf3 Rxa2 48. Nxb4
(48. Ne5 $16 {[%csl Gb7,Ge5,Rf7][%cal Rb7f7]}) 48... Ra1 49. Rb8+ Ke7 $6 {
Dieser Zug hilft dem Weißen.} (49... Kg7 $5 50. Nd3 $16 {[%csl Rf7][%cal Rd3e5]
}) 50. Nc6+ Kd6 51. Ne5 $18 {[%csl Rf7][%cal Re5f7] Der Springerzug
entscheidet die Partie. Der "aktive" schwarze König steht in Wirklichkeit sehr
schlecht.} Ra7 52. Rd8+ {Und Schwarz gab auf, denn er verliert weiteres
Material.} (52. Rd8+ Kc5 (52... Kc7 53. Rd7+ Kb6 54. Rxa7 Kxa7 55. Nxf7 $18) (
52... Ke7 53. Nc6#) 53. Rc8+ {[%cal Rc8c3]} Kb4 54. Nc6+ $18) 1-0

[Event "La Roche sur Yon"]
[Site "La Roche sur Yon"]
[Date "2006.03.15"]
[Round "1"]
[White "Bauer, Christian"]
[Black "Werle, Jan"]
[Result "1-0"]
[WhiteElo "2627"]
[BlackElo "2514"]
[Annotator "Ribli,Z"]
[PlyCount "157"]
[EventDate "2006.03.15"]
[EventType "tourn"]
[EventRounds "9"]
[EventCountry "FRA"]
[EventCategory "12"]
[SourceTitle "CBM 112"]
[Source "ChessBase"]
[SourceDate "2006.06.07"]
[SourceVersion "1"]
[SourceVersionDate "2006.06.07"]
[SourceQuality "1"]

1. d4 Nf6 2. c4 e6 3. g3 d5 4. Nf3 Be7 5. Bg2 O-O 6. O-O dxc4 7. Qc2 a6 8. Qxc4
b5 9. Qc2 Bb7 10. Bd2 {Heutzutage ist dieser Zug in Mode - die Alternativen
sind 10.Bg5 und 10.Bf4.} Be4 11. Qc1 Nbd7 12. Ba5 Rc8 13. Nbd2 Ba8 14. Re1 {
Das ist eine logische, aber selten gespielte Fortsetzung, Weiß möchte e2-e4
ziehen. Die Alternativen werden mehr gespielt.} Ne4 {Der Springer besetzt das
e4-Feld, auf diese Weise verhindert Schwarz die Ausführung des Zugs e2-e4. Die
Alternative 14..Qe8!? kommt stark in Betracht.} (14... Qe8 $5 15. b4 Ne4 16. a4
(16. Nxe4 Bxe4 17. Qf4 (17. Qe3) 17... f5 18. Rac1 Bd6 19. Ne5 Bxg2 20. Kxg2
Nf6 21. Qf3 Nd5 22. a3 {1/2-1/2 Polugaevsky,L-Geller,E/Moskva 1985/Inf 39 (22)}
) 16... f5 {[%csl Ra5,Ge4][%cal Ge8h5]} 17. axb5 axb5 18. e3 {1/2-1/2
Kasimdzhanov,R-Lutz,C/Essen 2002/CBM 90[Ribli Zoltán] (33)}) 15. Nxe4 Bxe4 16.
Qe3 Nf6 (16... Bd5 17. Qd3 f5 18. a4 $14) 17. Rec1 Qd6 18. a3 {[%cal Ga5b4,
Gb4f8,Yb2b4][%mdl 32] Ein guter Vorbereitungszug - Weiß kann entweder b4 oder
Bb4 ziehen.} Ba8 (18... c5 19. Rxc5 $1 Rxc5 20. Bb4 $16 {1-0 Suba,M-Garcia
Vicente,N/Las Palmas 1995/EXT 98 (35) Mit dieser kleinen Kombination gewinnt
Weiß einen Bauern.}) 19. Bb4 Qd8 20. Bxe7 Qxe7 21. Ne5 $14 {[%csl Yc5,Yc6]
[%cal Ge5c6,Gc1c8] Weiß hat einen kleinen, aber dauerhaften Positionsvorteil -
die Punkte c5 und c6 sind schwach am schwarzen Damenflügel.} (21. b4 $14) 21...
Bxg2 22. Kxg2 Nd5 23. Qf3 f6 (23... c5 $2 24. dxc5 Rxc5 25. Rxc5 Qxc5 26. Nd7)
24. Nc6 {[%csl Gc6][%cal Gc1c8] Der c6N steht ausgezeichnet und paralysiert
die schwarze Stellung, er kann nicht das gewöhnliche Ausgleichsmotiv c7-c5
ziehen.} Qd6 25. Rc2 {[%cal Ga1c1,Gc1c8]} (25. Rc5 $1 $14) 25... Ra8 (25... Nb6
{[%cal Yb6c4,Ye6e5]}) 26. e3 (26. e4 Nb6 27. Rd1 $14) 26... a5 {Auf diese
Weise möchte Schwarz b5-b4 vorbereiten.} 27. Rac1 b4 28. Rc5 {[%csl Ra5]} bxa3
29. bxa3 a4 30. e4 Nb6 31. Qe3 Qd7 32. h4 $1 Rf7 33. Nb4 Rd8 34. d5 (34. Rxc7
$5 Qxc7 35. Rxc7 Rxc7 36. d5 Nc4 37. Qc3 $16) 34... Rc8 (34... e5 $2 35. Rxc7
$18) 35. dxe6 Qxe6 36. Rc6 {[%csl Gb4,Gc1,Gc6,Rc7][%cal Gc1c8]} Qg4 37. Qf3 Qd7
(37... Qxf3+ 38. Kxf3 $16) 38. Na6 (38. Qf5 $16) 38... Na8 {Eine schrecklich
passive Stellung für den Springer, aber Schwarz muss den c7-Bauern verteidigen.
} 39. R6c4 {[%cal Ga6c5,Gc5a4,Gc5d7]} (39. Qd1 {[%cal Gd1a4]} Qxd1 40. Rxd1 $16
{[%csl Ra4]}) (39. R1c4) 39... Qb5 (39... f5 $1) 40. Nb4 {[%cal Gb4d5]} Nb6 41.
Rc6 Nd7 42. Nd5 Ne5 43. Qf5 Qb7 44. Rb6 Qa8 45. Re6 Rcf8 46. Rxc7 (46. Ne7+ Kh8
47. h5 {[%cal Ge7g6,Gg6h8]} Qd8 48. Ng6+ Nxg6 49. hxg6 Re7 50. Rxe7 Qxe7 51.
gxh7 Re8 52. Rc4 $16) 46... Rxc7 47. Nxc7 $16 Qc8 48. Nd5 (48. Re7 Qxf5 49.
exf5 Rf7 50. Re8+ Rf8) 48... Kh8 49. h5 Nd3 50. Re7 Ne1+ 51. Kh3 Qxf5+ 52. exf5
Nc2 53. Re4 {[%mdl 4096]} (53. Ra7) 53... Nxa3 (53... Ra8 $2 54. Nb6 $18) 54.
Rb4 (54. Nc7 Rc8 55. Rxa4 $16) (54. Rxa4 $16) 54... h6 55. Rxa4 Nb5 56. Nf4 {
[%cal Gf4e6,Gf4g6]} Rc8 57. Ra5 Nd6 58. Ne6 Rb8 59. g4 {Die Verwertung des
Materialvorteils ist noch nicht leicht, da das Material reduziert ist, aber
Weiß hat ausgezeichnete Gewinnchancen, seine Stellung (mit Bauern mehr) ist
sehr aktiv.} Rb3+ 60. Kg2 Rb8 61. Ra7 Rg8 (61... Ne8 $142) 62. Rd7 Nc4 63. f4 {
[%cal Gg4g5]} Nb6 64. Re7 Nc4 65. Kf3 Nd6 66. Rd7 Nb5 67. Ke3 Nc3 68. Kd3 Nd1
69. Ke2 Nc3+ 70. Kd2 Ne4+ 71. Ke3 Nc3 72. Kf3 Nb5 73. g5 $18 fxg5 74. fxg5 hxg5
75. h6 Rc8 (75... gxh6 76. f6 $18) 76. hxg7+ Kh7 77. f6 Kg6 78. f7 Nd4+ 79. Kg4
(79. Nxd4 Kxg7 80. Ne6+ $18) 1-0

[Event "Escaldes zt"]
[Site "Escaldes"]
[Date "1998.11.11"]
[Round "6"]
[White "Wells, Peter K"]
[Black "Arlandi, Ennio"]
[Result "0-1"]
[WhiteElo "2515"]
[BlackElo "2440"]
[Annotator "Ribli,Z"]
[PlyCount "36"]
[EventDate "1998.11.06"]
[EventType "swiss"]
[EventRounds "9"]
[EventCountry "AND"]
[SourceTitle "CBM 068"]
[Source "ChessBase"]
[SourceDate "1999.02.01"]
[SourceVersion "1"]
[SourceVersionDate "1999.02.01"]
[SourceQuality "1"]

1. Nf3 d5 2. c4 e6 3. g3 Nf6 4. Bg2 {Das ist eine schlaue Zugfolge. Weiß
spielt noch nicht d4 und vermeidet so die Variante ...Bb4, die nach 1.d4 d5 2.
c4 e6 3.Nf3 Nf6 4.g3 Bb4 möglich wäre. Ribli.} Be7 (4... dxc4 $5 {Das wäre die
prinzipielle Fortsetzung für Schwarz.}) 5. O-O O-O 6. d4 dxc4 7. Ne5 {Die
Alternative 6.Qc2 wird sehr oft gespielt.} Nc6 $5 (7... c5 8. dxc5 Qc7 9. Nxc4
Qxc5 10. b3 $14) 8. Nxc6 (8. Bxc6 bxc6 9. Nxc6 Qe8 10. Nxe7+ Qxe7 11. Qa4 e5
$44 (11... a5 $44 {[%cal Gc8a6,Ga6e2]})) 8... bxc6 {[#]Schwarz hat drei Bauern
in der c-Linie, aber er gute Ausgleichschancen. Weiß verliert Zeit mit dem
Rückgewinn des Materials.} 9. e3 (9. Na3) 9... Nd5 10. Qa4 (10. Qe2 a5 11. e4
Nb4 12. Be3 Ba6 13. Nc3 Rb8 14. Rab1 Nd3 15. Rfd1 c5 16. dxc5 Bf6 17. h4 Qe7
18. c6 Qb4 {0-1 Niklasch,O-Van Voorthuijsen,P/Taastrup 1997/EXT 99 (39)}) 10...
Nb6 11. Qa5 {Weiß gewinnt nicht den Bauern zurück, sondern hält den Druck am
Damenflügel aufrecht.} (11. Qxc6 Bd7 12. Qf3 c5 13. dxc5 Bxc5 $11 {Schwarz hat
keine Probleme.} 14. Nc3 Qc7 15. e4 Bc6 16. Be3 {1-0 Tirabassi,M-Horvath,Z/ITA
1993/EXT 99 (39)}) (11. Qc2 Rb8 12. Bxc6 Nd5 13. Qxc4 Rb6 14. Rd1 Ba6 15. Qa4
Qd6 16. Bxd5 exd5 17. Nc3 Bc8 18. Qc2 Bg4 {1/2-1/2 Arsovic,Z-Jovanovic,Z/Nis
1993/EXT 97 (72)}) 11... Rb8 $146 {[%cal Gb8b1] Der Bauer auf a7 hängt nicht.}
(11... Qd6 12. a3 Rb8 13. Nd2 f5 14. b3 c5 15. Nxc4 Nxc4 16. bxc4 Qb6 17. Qxb6
cxb6 18. e4 Ba6 19. Bf4 Rbd8 20. exf5 exf5 21. dxc5 Bxc5 {1/2-1/2 Hassabis,
D-McDonald,N/London 1994/CBM 43 ext (62)}) 12. Na3 (12. Bxc6 Qd6 (12... Bb7 13.
Bxb7 Rxb7 14. Nc3) 13. Bg2 (13. Qxa7 $2 Qxc6 14. Qxb8 Bb7 $19 {[%csl Rb8,Rg1]
[%cal Rb7h1,Rf8b8]}) 13... Bb7 14. Bxb7 Rxb7 $11) 12... Bd7 13. Bd2 $44 {
Weiß hat einen Bauern weniger, aber die schwarzen Bauern am Damenflügel sind
schwach.} Bd6 {Schwarz verbessert seine Läuferstellung und plant nach
folgendem ...Qe7 ...c6-c5 zu ziehen.} 14. Rfc1 {[%csl Gc1][%cal Gc1c7]} Qe7 15.
Rab1 (15. Nxc4 Nxc4 16. Rxc4 Rxb2 17. Bxc6 Bxc6 18. Rxc6 Qf6 $11) 15... c5 $11
(15... Bxa3 $6 16. bxa3 $14 {[%cal Rd2b4,Rb4f8]}) 16. dxc5 Bxc5 17. b4 {
[%cal Gc1c5]} (17. Nxc4 Nxc4 18. Rxc4 Bb5 $11) 17... Bd6 (17... cxb3 $2 18.
Qxc5 $18) 18. Qxa7 $4 {[#]Ein unglaublicher Fehler!} (18. Nxc4 Nxc4 19. Rxc4
Bb5 $11) (18. e4 {[%cal Re4e5]} e5 $11) 18... Ra8 {[%cal Ra8a3] Und Weiß gab
auf, denn er verliert Material.} (18... Ra8 19. Bxa8 Rxa8 20. Qb7 Rxa3 $19 {
[%csl Ga3,Gc4] Und Schwarz steht mit zwei Leichtfiguren für den Turm auf
Gewinn.}) 0-1

[Event "Bundesliga 0001"]
[Site "Germany"]
[Date "2001.03.10"]
[Round "10.4"]
[White "Stangl, Markus"]
[Black "Buhmann, Rainer"]
[Result "1/2-1/2"]
[WhiteElo "2479"]
[BlackElo "2416"]
[Annotator "Ribli,Z"]
[PlyCount "142"]
[EventDate "2000.10.14"]
[EventType "team-tourn"]
[EventRounds "15"]
[EventCountry "GER"]
[SourceTitle "CBM 082"]
[Source "ChessBase"]
[SourceDate "2001.05.17"]
[SourceVersion "1"]
[SourceVersionDate "2001.05.17"]
[SourceQuality "1"]
[WhiteTeam "Tegernsee"]
[BlackTeam "Baiertal/Schatthausen"]
[WhiteTeamCountry "GER"]
[BlackTeamCountry "GER"]

1. Nf3 d5 2. c4 e6 3. g3 Nf6 4. Bg2 Be7 5. O-O O-O 6. d4 dxc4 {Diese
klassische Variante bietet Schwarz gute Ausgleichschancen - Schwarz will die
Zeit, in der Weiß mit der Rückeroberung des Bauern beschäftigt ist, für die
Entwicklung seines Damenflügels nutzen.} 7. Qc2 a6 8. a4 {Die Variante - 8.
Qxc4 b5 9.Qc2 - ist ein seltener Gast in der modernen Turnierpraxis.} Bd7 9.
Qxc4 Bc6 10. Bg5 Nbd7 {Dieser natürliche Springerzug wird selten gespielt - 10.
..Bd5 und 10...a5 sind populärer.} 11. Nc3 Nd5 (11... h6 12. Bxf6 Nxf6 13. Rfe1
(13. a5 Qd6 14. Rfc1 Rfd8 15. e3 Rac8 16. Qb3 Rb8 17. Qc2 Bxf3 18. Bxf3 c5 19.
Ne2 {1/2-1/2 Romanishin,O-Ivanovic,B/Belgrade 2000/CBM 80 no vc (37)}) 13...
Bxf3 14. Bxf3 c6 15. a5 Rc8 16. e3 Qc7 17. Qb3 {1-0 Onischuk,A-Shneider,A/
Bastia 2000/EXT 2001 (67)}) (11... a5) 12. Bxe7 Qxe7 13. Nxd5 exd5 {Dieser Zug
gefällt mir nicht - der Bc6 wird eingeschlossen, und Weiß bekommt dank seiner
Initiative am Damenflügel kleinen, aber dauerhaften Vorteil. Schwarz sollte
besser den Pc7 durch 13...Bxd5 für ausreichende Kompensation opfern.} (13...
Bxd5 $5 14. Qxc7 Rac8 15. Qf4 Qb4 {[%csl Gb4]} (15... Rc2 16. e4 Bb3 17. Qe3
Qb4 18. Ne1 Rc4 19. Nd3 Qb6 20. Nc5 Nxc5 21. dxc5 Qb4 22. Rfc1 Rxc1+ 23. Rxc1
Bxa4 {1/2-1/2 Van Voorthuijsen,P-Comp Chessmaster 5000/The Hague 1997/EXT 98 
(50)}) 16. e4 Bc4 17. Rfc1 Qxb2 18. Qd2 Qxd2 19. Nxd2 Bd3 20. Bf1 Bxf1 21. Kxf1
Rxc1+ 22. Rxc1 Rb8 {1/2-1/2 Davies,N-Korneev,O/Hamburg 1993/EXT 97 (22)}) 14.
Qc2 Nf6 {[%cal Gf6e4] Der Springer strebt nach e4 und räumt das Feld d7 für
den Läufer.} (14... a5 15. e3 g6 16. Rfc1 Rfc8 17. Bh3 f5 18. Bg2 Qd6 19. b3
Nf6 20. Ne5 Bd7 21. Qc5 {1/2-1/2 Lein,A-Kogan,B/South Bend 1981/MCD (53)}) 15.
Rfc1 Bd7 16. b4 $1 $14 {Das ist der für das Damengambit so typische
Minoritätsamngriff. Weiß beherrscht die halboffene c-Linie. In der Folge setzt
er seinen Angriff mit b4-b5 fort.} c6 (16... Qxb4 17. Rcb1 Qc4 18. Qxc4 dxc4
19. Ne5 $14) 17. e3 Ne4 $1 {[%cal Ge4d6] Der Springer strebt das Feld d6 an.} (
17... Qxb4 18. Rab1 $16 {[%csl Rb4,Rb7][%cal Rb1b7]}) 18. Ne5 Nd6 {[%csl Gd6]
Der schwarze Nd6 steht ausgezeichnet - von hier aus kontrolliert er das Feld
c4 und unterbindet den weißen Vorstoß b4-b5.} (18... Bf5 $5 $11 {[%cal Ge4d6]})
19. Qc5 $6 (19. Bf1 Bf5 20. Qc5 f6 $11 {Der stolze Ne5 muss sich zurückziehen.}
) (19. Nxd7 $1 Qxd7 20. Bf1 Rfc8 21. Bd3 g6 22. Qb3 b5 23. Rc5 $14) 19... f6
20. Nxd7 Qxd7 21. Rab1 {Droht 22.b5 axb5 23.axb5 Nxb5 24.Bxd5+ mit Vorteil für
Weiß.} (21. Bf1 $5 Rfc8 22. Qb6 $14) 21... Rfc8 22. Bf1 (22. Qb6 $2 Nc4 23.
Rxc4 (23. Qc5 b6 $19) 23... dxc4 24. Rc1 $15) 22... b5 {Schwarz bereitet Nc4
vor, zudem muss er nun nicht mehr den Zug b4-b5 befürchten.} 23. axb5 axb5 24.
Ra1 Nc4 (24... Rxa1 $2 25. Rxa1 Nc4 26. Ra7 Rc7 27. Rxc7 (27. Bh3 $4 Qxh3 28.
Rxc7 Nd2 $19) 27... Qxc7 28. Bxc4 dxc4 (28... bxc4 29. b5 $18) 29. d5 $18) 25.
e4 $1 {[%mdl 64] Weiß öffnet die Stellung.} dxe4 $6 (25... Rxa1 $5 26. Rxa1 Nd2
{[%cal Rd2b3,Rb3a1,Rb3c5,Gd2f1,Gd2e4]} 27. exd5 (27. Ra7 Qe6 28. Re7 Qg4 $17)
27... cxd5 28. Qxb5 (28. Bxb5 Qe6 29. Qa7 Nf3+ 30. Kg2 Qe4 $17) 28... Nf3+ 29.
Kg2 Qxb5 30. Bxb5 Nxd4 31. Bf1 $14) 26. Bxc4+ bxc4 27. Qxc4+ Kf8 (27... Qd5 28.
Rxa8 Rxa8 29. Qxc6 $16) 28. Ra5 (28. Rxa8 Rxa8 29. Qxc6 Qxc6 30. Rxc6 Ra1+ 31.
Kg2 Rb1 32. Re6 (32. Rc4 Rb2 $14) (32. Rb6 Rd1 $14) 32... Rxb4 33. Rxe4 $14)
28... Rab8 (28... Rxa5 29. bxa5 $16 {[%csl Ga5]}) 29. Rc5 (29. Qc5+ Qe7 $11)
29... Rd8 30. Rd1 (30. Rxc6 Qxd4 $11) 30... Qb7 31. Rb1 (31. Rxc6 Qxb4 32. d5
$14) 31... Rd6 (31... Qd7 32. Rxc6 Qxd4 33. b5 $14) 32. b5 Qd7 {[%cal Gb8b1]}
33. b6 $6 $13 {Weiß opfert den Pd4 und hofft darauf, dass sein Pb6 stark wird.}
(33. Kg2 $5 cxb5 34. Rcxb5 Rxb5 35. Rxb5 Rxd4 $2 36. Rb8+ Ke7 37. Qg8 $18 {
[%csl Re7]}) 33... Rxd4 34. Qc2 e3 $1 35. fxe3 (35. Rxc6 e2 $19) 35... Rd2 36.
Qxh7 Rd1+ 37. Kg2 (37. Rxd1 Qxd1+ 38. Kg2 Qe2+ 39. Kh3 Rxb6 $13) 37... Rd2+ $2
(37... Rxb1 $1 38. Qxb1 Qd2+ 39. Kh3 Qxe3 $13) 38. Kf3 $5 (38. Kg1) 38... Qd6 (
38... Re8 $142) 39. Qf5 $2 (39. Ra5 $1 {[%cal Ra5a7,Ra7g7] Droht 40.Qh8+ nebst
41-Ra7+ mit Gewinn. Schwarz hat dagegen keine Verteidigung.}) 39... Re8 40. Rc4
Rd3 $6 (40... Re5 $142 41. Qc8+ Re8 42. Qf5 $11 (42. Qxc6 $2 Rxe3+ $1 43. Kg4 (
43. Kxe3 Qd3+ 44. Kf4 Rf2+ 45. Kg4 Qf5+ $19) 43... f5+ 44. Kxf5 Qd3+ 45. Kg4
Qxb1 46. Qc5+ Kg8 47. Qxe3 Qg6+ 48. Kf3 Rd3 $17)) 41. Re4 $16 {Nach Ende der
Zeitnotphase hat Weiß einen Bauern mehr und eine aktive Stellung. Die
Verwertung des Vorteils ist aber nicht einfach, weil auch die weiße
Königsstellung geschwächt ist.} Rb8 42. Re6 (42. Rh4) 42... Qa3 (42... Qd5+ 43.
Qxd5 cxd5 44. b7 $16 (44. Rc6 $16)) 43. b7 (43. Qf4 $1 {[%csl Gf4]} Rdd8 44.
Rxc6 $18) 43... Qc3 44. Qf4 Rdd8 45. Qe4 (45. Rd6 Re8 46. Rd7 Qc2 47. Rb6 Qxh2
48. Qb4+ Kg8 49. Qc4+ Kh8 50. Qh4+ Qxh4 51. gxh4 $18) 45... Qc5 {[%cal Gc5h5,
Gh5f3]} 46. g4 Qg5 47. Rxc6 $18 {Nun hat Weiß schon zwei Bauern mehr und gute
Gewinnchancen.} Qh4 48. Qf4 Qh3+ 49. Kf2 (49. Qg3 Qh7 50. Rb3 $18) 49... Qh4+
50. Ke2 Qh7 51. Rb3 (51. Rd1 $18) 51... Qh3 52. Qg3 Qh7 (52... Qxg3 53. hxg3
$18) 53. Qf4 (53. Rc8 $1 Rbxc8 54. bxc8=Q Rxc8 55. Qd6+ Ke8 56. Qe6+ $18 {
[%cal Re6e8,Re6c8]}) 53... Qh3 54. Rd6 $6 (54. Qg3) 54... Qg2+ 55. Kd3 $2 (55.
Ke1 Qg1+ 56. Kd2 Qg2+ 57. Kc3 Rbc8+ 58. bxc8=Q Rxc8+ 59. Kd4 Qc2 60. Rxf6+ Kg8
61. Rfb6 $16) 55... Qc6 $1 {[%mdl 256]} 56. Rd4 (56. Rxd8+ Rxd8+ 57. Ke2 Qg2+
58. Ke1 Qd2+ 59. Kf1 Qd1+ $19) 56... Qa6+ 57. Kc3 (57. Kc2 Qa2+) 57... Qa1+ 58.
Kc2 Qa2+ $14 59. Kc3 Qa1+ 60. Kc2 Qa2+ 61. Rb2 Rbc8+ $1 {Dieses schöne
Turmopfer bedeutet eigentlich einen Bauerngewinn für Schwarz.} 62. bxc8=Q Rxc8+
63. Kd3 Qa3+ 64. Ke4 Qa8+ (64... Qxb2 65. Qd6+ $18 {[%csl Rc8,Rf8] Und Weiß
gewinnt den Turm.}) 65. Kd3 Qa3+ 66. Ke2 {Das ist die einzige Chance.} Qxb2+
67. Kf3 Qb7+ 68. Kg3 Kg8 69. g5 $6 {Das Material ist bereits reduziert, daher
ist ein Remis das wahrscheinlichste Ergebnis. Dieser Tausch hilft jedenfalls
nur dem Gegner.} (69. Rc4 $14) 69... fxg5 70. Qxg5 Re8 71. h3 Qb3 1/2-1/2